[Event "Budapest-chT1 Lilienthal 1213"]
[Site "Budapest"]
[Date "2013.05.05"]
[Round "11"]
[White "Zoltan, Andras"]
[Black "Rocza, Gabor"]
[Result "1/2-1/2"]
[WhiteElo "1943"]
[BlackElo "1658"]
[PlyCount "46"]
[EventDate "2012.09.30"]
[EventType "team-tourn"]
[EventRounds "11"]
[EventCountry "HUN"]
[SourceTitle "EXT 2019"]
[Source "ChessBase"]
[SourceDate "2018.10.10"]
[SourceVersion "1"]
[SourceVersionDate "2018.10.10"]
[SourceQuality "1"]
[WhiteTeam "Budapest Honved"]
[BlackTeam "Budapest Ujpest KSE"]
[WhiteTeamCountry "HUN"]
[BlackTeamCountry "HUN"]

1. e4 Nf6 2. e5 Nd5 3. d4 d6 4. Nf3 g6 5. Bc4 Nb6 6. Bb3 Bg7 7. Bf4 0-0 8. Nc3 c5 9. dxc5 dxc5 10. Qe2 a6 11. Rd1 Qc7 12. Nd5 Nxd5 13. Bxd5 e6 14. Bb3 b5 15. c3 Bb7 16. 0-0 Nc6 17. Bc2 Ne7 18. Ng5 Rad8 19. h4 Rxd1 20. Rxd1 Rd8 21. Rxd8+ Qxd8 22. h5 Nd5 23. Bc1 Qc7 1/2-1/2